000 00799nam a2200253 4500
003 MX-MxINE
005 20260530113911.0
008 260504t2002 xxn||||| |||| 00| 0 eng d
020 _a0814471463
040 _aMX-MxINE
_bspa
_cMX-MxINE
_erda
041 _aeng
050 4 _aHD45
_bD85
100 _aDundon, Elaine,
_d1959-
_eautor
_933431
245 1 4 _aThe seeds of innovation :
_bcultivating the synergy that fosters new ideas /
_cElaine Dundon
264 _aNew York :
_bAMACOM,
_c2002
300 _axi, 241 páginas
336 _2rdacontent
_atexto
337 _2rdamedia
_asin medio
338 _2rdacarrier
_avolumen
650 1 4 _aInnovaciones tecnológicas
_xAdministración
_933432
650 1 4 _aProductos nuevos
_933433
650 1 4 _aPensamiento creativo
_933434
942 _2lcc
_n1
_cBK
999 _c12138
_d12138